<?xml version="1.0" encoding="UTF-8"?>
<collection xmlns="http://www.loc.gov/MARC21/slim">
 <record>
  <leader>00919oam2a2200277   4500</leader>
  <controlfield tag="001">in00000003963</controlfield>
  <controlfield tag="005">20230404142044.8</controlfield>
  <datafield tag="010" ind1=" " ind2=" ">
   <subfield code="a">7-100-01110-8</subfield>
   <subfield code="d">CNY13.70</subfield>
  </datafield>
  <datafield tag="035" ind1=" " ind2=" ">
   <subfield code="a">0194038375</subfield>
  </datafield>
  <datafield tag="100" ind1=" " ind2=" ">
   <subfield code="a">19940804e19911988kemy0chiy0110    ea</subfield>
  </datafield>
  <datafield tag="101" ind1="0" ind2=" ">
   <subfield code="a">chi</subfield>
  </datafield>
  <datafield tag="102" ind1=" " ind2=" ">
   <subfield code="a">CN</subfield>
   <subfield code="b">110000</subfield>
  </datafield>
  <datafield tag="105" ind1=" " ind2=" ">
   <subfield code="a">y   z   000yy</subfield>
  </datafield>
  <datafield tag="106" ind1=" " ind2=" ">
   <subfield code="a">r</subfield>
  </datafield>
  <datafield tag="200" ind1="1" ind2=" ">
   <subfield code="a">论美国的民主</subfield>
   <subfield code="9">lun mei guo de min zhu</subfield>
   <subfield code="f">(法)托克维尔著</subfield>
   <subfield code="g">董果良译</subfield>
  </datafield>
  <datafield tag="210" ind1=" " ind2=" ">
   <subfield code="a">北京</subfield>
   <subfield code="c">商务印书馆</subfield>
   <subfield code="d">1988.12</subfield>
   <subfield code="h">1991.9重印</subfield>
  </datafield>
  <datafield tag="215" ind1=" " ind2=" ">
   <subfield code="a">2册(974页)</subfield>
   <subfield code="d">20cm</subfield>
  </datafield>
  <datafield tag="225" ind1="2" ind2=" ">
   <subfield code="a">汉译世界学术名著丛书</subfield>
  </datafield>
  <datafield tag="461" ind1=" " ind2="0">
   <subfield code="1">2001 </subfield>
   <subfield code="a">汉译世界学术名著丛书</subfield>
  </datafield>
  <datafield tag="606" ind1="0" ind2=" ">
   <subfield code="a">资产阶级民主</subfield>
   <subfield code="x">研究</subfield>
   <subfield code="y">美国</subfield>
  </datafield>
  <datafield tag="606" ind1="0" ind2=" ">
   <subfield code="a">资产阶级民主</subfield>
  </datafield>
  <datafield tag="690" ind1=" " ind2=" ">
   <subfield code="a">D771.22</subfield>
   <subfield code="v">三版</subfield>
  </datafield>
  <datafield tag="692" ind1=" " ind2=" ">
   <subfield code="a">32.5631</subfield>
  </datafield>
  <datafield tag="701" ind1=" " ind2="1">
   <subfield code="a">托克维尔</subfield>
   <subfield code="9">tuo ke wei er</subfield>
   <subfield code="4">著</subfield>
  </datafield>
  <datafield tag="702" ind1=" " ind2="0">
   <subfield code="a">董果良</subfield>
   <subfield code="9">dong guo liang</subfield>
   <subfield code="4">译</subfield>
  </datafield>
  <datafield tag="999" ind1="f" ind2="f">
   <subfield code="s">6d4509cc-56b4-494d-88c4-efb4ab2856d2</subfield>
   <subfield code="i">bf46ec7d-78fe-4ed9-b68e-4f9b3fb6b922</subfield>
  </datafield>
 </record>
</collection>
